000 00492pab a2200181 454500
008 180718b2008 xxu||||| |||| 00| 0 eng d
100 _aShah, Neha
245 _aCan micro finance provide a sustainable solution for poverty? Some empirical evidences from Gujarat
260 _c2008
300 _ap.27-42.
362 _aJul-Dec
650 _aFinance - India - Gujarat
650 _aPoverty - India - Gujarat
650 _aPoverty
773 _aAnvesak
908 _aN
909 _a81725
999 _c81725
_d81725